000 00421nam a2200181Ia 4500
001 8347
005 20260306160602.0
008 260306t2010||||xx |||||||||||||| ||spa||
041 _aESP
082 _a370.4
_bT78
100 _aTrahtemberg, León
_eAUT
245 0 _aLos errores de los cuales aprendí
260 _c2010
300 _a146 páginas :
_c
650 _aGEN
654 _aCED
942 _cLIB
_dJUS
_fJUS
_2ddc
_n
999 _c8347
_d8347